Piłkarze Reprezentacji Zimbabwe - nagła śmierć - Statystyki

Ogólne statystyki
  • Ten quiz został rozwiązany 119 razy
  • Średni wynik to 3 z 9
Answers on the Grid
Answers color-coded by a green-red scale on the quiz's grid according to % correct below.
Tino Kadewere
Knowledge Musona
Junior Kabananga
Munashe Garananga
Edward Chilufya
Tolu Arokodare
Prince Dube
Jordan Zemura
Darlin Yongwa
Marvelous Nakamba
Patson Daka
Khama Billiat
Teenage Hadebe
Novatus Miroshi
Marshall Munetsi
 
Statystyki odpowiedzi
Odpowiedź % Poprawnych
Marvelous Nakamba
50%
Tino Kadewere
50%
Jordan Zemura
33%
Khama Billiat
33%
Knowledge Musona
33%
Marshall Munetsi
33%
Prince Dube
33%
Teenage Hadebe
33%
Munashe Garananga
17%
Nie znaleziono quizów pasujących do podanych kryteriów
Rozkład punktacji
Procent ludzi z każdym wynikiem
Percentyl według liczby udzielonych odpowiedzi
Twoja historia wyników
Nie rozwiązałeś tego quizu